=LDR 00000nam 2200000 4500 =001 INLIS000000000053858 =005 20230412114722 =035 ##$$a 0010-0319000053 =007 ta =008 230412###########################0#ind## =020 ##$$a 978-602-437-183-8 =082 ##$$a 491.707 1 =084 ##$$a 491.707 1 SER =245 ##$$a Seri Bahan Ajar Bahasa Rusia =260 ##$$a Jakarta :$b Badan Pengembangan dai Pembinaan Bahasa,$c 2016 =300 ##$$a 248 hlm. : $b ilus. ; $c 26 cm. =650 #4$$a Bahasa Rusia - Studi Pengajaran =700 #$$a Editor, Daud Yusuf, =990 ##$$a 31800147 =990 ##$$a 31800148 =990 ##$$a 31800148 =990 ##$$a 31800147